Flags of Micronesia - Statistics

General Stats
  • This quiz has been taken 33 times
  • The average score is 6 of 8
Answer Stats
Picture Answer % Correct
Kiribati
100%
Marshall Islands
100%
F.S. of Micronesia
97%
Nauru
97%
Palau
84%
Guam
69%
Northern Mariana Islands
47%
Wake
28%
No matching quizzes found
Score Distribution
Percent of People with Each Score
Percentile by Number Answered
Your Score History
You have not taken this quiz